On This Day: March 4th II Quiz Stats

 Plays Quiz Updated Mar 4, 2018

Challenge
Share
Tweet
Embed
Score 0/7 Timer 03:00
0 Plays Today
Question Answer Wrong Answers
Known as ‘The Windy City’, this American city is incorporated.
1837
Chicago
97%
Seattle
1.1%
Oklahoma City
1.1%
Dallas
0.4%
This cabinet-level department of the US federal government, which is responsible for occupational safety and wage and hour standards, is formed.
1913
Department of Labor
90.7%
Department of the Interior
2.7%
Department of Agriculture
1.4%
Department of Commerce
3.9%
In an interview in the 'London Evening Standard,' The Beatles' John Lennon declares that the band is ‘more popular than ______ now’.
1966
Jesus
87.9%
The Queen
8.4%
Winston Churchill
1.6%
Julius Caesar
0.6%
This nationalist leader wins a sweeping election victory to become Zimbabwe's first black prime minister.
1980
Robert Mugabe
81.8%
Jacob Zuma
7.2%
Yoweri Museveni
2.8%
Uhuru Kenyatta
6.4%
This popular American weekly magazine, which features celebrity and human-interest stories, is published for the first time.
1974
People
74.9%
GQ
5%
Rolling Stone
11%
Newsweek
7.5%
The International Criminal Court (ICC) issues an arrest warrant for ______ President Omar Hassan al-Bashir for war crimes and crimes against humanity in Darfur.
2009
Sudanese
53.1%
Kenyan
3.8%
Somalian
29.7%
Ugandan
11.3%
______ is admitted to the United States as the 14th state, one of only four US states that were previously sovereign states.
1791
Vermont
40.2%
Maine
19.6%
Ohio
14.2%
Kentucky
26%

You're not logged in!

Compare scores with friends on all Sporcle quizzes.
OR
Log In

You Might Also Like...

Show Comments

Extras

Top Quizzes Today


Score Distribution

Your Account Isn't Verified!

In order to create a playlist on Sporcle, you need to verify the email address you used during registration. Go to your Sporcle Settings to finish the process.

Report this User

Report this user for behavior that violates our Community Guidelines.

Details: